00750cam a22002177a 4500003000500000005001700005008004100022010000900063011000900072035000900081040000900090100002400099245018500123260006900308300001800377500001200395650002700407650002600434650003200460710004000492CHAP20220817040934.0971013s1984 r 00010 d a3073 a4045 a3246 cCHAP00aAstorga C., Manuel.13aEl sistema de microtunel de plástico y su influencia sobre la precocidad, el rendimiento, la calidad del fruto e incidencia de enfermedades del cultivo de melón Cucumis melo L. aChapingo, Méx. :bUACH. Unidad Regional de Zonas Aridas,c1984 a40 h.b: ilus aD48-13114aMelónxEnfermedades.14aMelónxRendimiento.14aPlásticos en agricultura.0 aUACH. Departamento de Zonas Aridas.